|
|
|
|
| LEADER |
01290nam a22003131 4500 |
| 001 |
32038 |
| 003 |
BD-DhAAL |
| 005 |
20211116104112.0 |
| 008 |
170917s1965 enk 000 0 eng |
| 999 |
|
|
|c 38259
|d 38259
|
| 010 |
|
|
|a a 47000228
|
| 020 |
|
|
|a 0262580020
|
| 040 |
|
|
|a DLC
|c FJUNF
|d OCoLC
|d DLC
|d BD-DhAAL
|
| 050 |
0 |
0 |
|a HT161
|b .H6 1946a
|
| 082 |
0 |
0 |
|a 307.1216
|
| 100 |
1 |
|
|a Howard, Ebenezer,
|c Sir,
|d 1850-1928.
|9 22030
|
| 240 |
1 |
0 |
|a Tomorrow
|
| 245 |
1 |
0 |
|a Garden cities of to-morrow /
|c by Ebenezer Howard. Edited, with a preface, by F.J. Osborn. With an introductory essay by Lewis Mumford.
|
| 260 |
|
|
|a Cambridge ;
|a Massachusetts :
|b Faber and Faber ltd.,
|c 1965
|
| 300 |
|
|
|a 168 pages :
|b illustrations (maps, plan) plates, ports., facsim., diagrs. ;
|c 21 cm.
|
| 500 |
|
|
|a "First published in 1898 as Tomorrow: a peaceful path to real reform."--Pref.
|
| 504 |
|
|
|a "A select book list": p. 160-163.
|
| 526 |
|
|
|a ARC
|
| 541 |
|
|
|e 32038
|
| 650 |
|
0 |
|a Garden cities.
|9 22031
|
| 650 |
|
0 |
|a Architecture
|9 42686
|
| 700 |
1 |
|
|a Osborn, Frederic James,
|c Sir,
|d 1885-
|9 22032
|
| 942 |
|
|
|2 ddc
|c BK
|
| 952 |
|
|
|0 0
|1 0
|2 ddc
|4 0
|6 307_121600000000000_HOW
|7 0
|9 61017
|a BRACUL
|b BRACUL
|c GEN
|d 2017-08-24
|e Karim International
|g 2350.00
|l 0
|o 307.1216 HOW
|p 3010032038
|r 2017-08-24
|t 1
|v 2350.00
|w 2017-08-24
|y BK
|